Modern speech recognition approaches with case studies (Record no. 575732)

000 -LEADER
fixed length control field 00530nam a22001817a 4500
003 - CONTROL NUMBER IDENTIFIER
control field CEME
005 - DATE AND TIME OF LATEST TRANSACTION
control field 20210628203952.0
008 - FIXED-LENGTH DATA ELEMENTS--GENERAL INFORMATION
fixed length control field 210105b xxu||||| |||| 00| 0 eng d
020 ## - INTERNATIONAL STANDARD BOOK NUMBER
International Standard Book Number 9789535108313
040 ## - CATALOGING SOURCE
Transcribing agency .
082 ## - DEWEY DECIMAL CLASSIFICATION NUMBER
Classification number 006.454 MOD
100 ## - MAIN ENTRY--PERSONAL NAME
Personal name Ramakrishnan, S
9 (RLIN) 68081
245 ## - TITLE STATEMENT
Title Modern speech recognition approaches with case studies
260 ## - PUBLICATION, DISTRIBUTION, ETC.
Place of publication, distribution, etc. CROATIA
Name of publisher, distributor, etc. INTECH WEB.ORG
Date of publication, distribution, etc. 2012
300 ## - PHYSICAL DESCRIPTION
Extent 326P
650 ## - SUBJECT ADDED ENTRY--TOPICAL TERM
Topical term or geographic name entry element SPEECH RECOGNITION.MODERN SPEECH RECOGNITION APPROACHES WITH CASE STUDIES
9 (RLIN) 68082
942 ## - ADDED ENTRY ELEMENTS (KOHA)
Koha item type Book
Source of classification or shelving scheme
Holdings
Withdrawn status Lost status Damaged status Not for loan Permanent Location Current Location Shelving location Date acquired Total Checkouts Full call number Barcode Date last seen Price effective from Koha item type
        College of Electrical & Mechanical Engineering (CEME) College of Electrical & Mechanical Engineering (CEME) General Stacks 08/02/2017   006.454 MOD CEME-47172 06/28/2021 06/28/2021 Book
© 2023 Central Library, National University of Sciences and Technology. All Rights Reserved.